| 000 | 00485nam a2200157 4500 | ||
|---|---|---|---|
| 001 | 131097 | ||
| 003 | ES-MaACL | ||
| 005 | 20230906193920.0 | ||
| 007 | t| | ||
| 008 | 070214s1926 xxk r ||||1| eng d | ||
| 100 | 1 |
_aRobertson, Dennis Holme. _997853 |
|
| 245 | 1 | 0 |
_aBanking policy and the price level _b: an essay in the theory of the trade cycle / _cD. H. Robertson. |
| 260 |
_aLondon : _bP. S. King & Son, _c1926. |
||
| 300 |
_a103 p. ; _c19 x 12 cm. |
||
| 852 |
_aES-MaACL _jF-3302 |
||
| 999 |
_c131097 _d131097 |
||